Một số phương pháp nghiên cứu vi sinh vật học
Guardat en:
| Autor principal: | |
|---|---|
| Format: | Llibre |
| Etiquetes: |
Afegir etiqueta
Sense etiquetes, Sigues el primer a etiquetar aquest registre!
|
| Thư viện lưu trữ: | Mạng thư viện Đại học Đà Nẵng |
|---|
| LEADER | 00671nam a2200217 4500 | ||
|---|---|---|---|
| 001 | 000009277 | ||
| 003 | 5473 | ||
| 005 | 20150812140810.0 | ||
| 008 | 111026s sd | ||
| 100 | 0 | |a Nguyễn Lân Dũng | |
| 245 | 0 | 0 | |a Một số phương pháp nghiên cứu vi sinh vật học |c Nguyễn Lân Dũng |
| 774 | |d H. |d Khoa học và kỹ thuật |d 1978 |g T.3 |h 441tr |w 5472 | ||
| 774 | |d H. |d Khoa học và kỹ thuật |d 1976 |g T.2 |h 432 tr |w 10001 | ||
| OWN | |a LSP | ||
| 999 | |a From the UDN01 | ||
| TYP | |a Monograph | ||
| TYP | |a Printed language | ||
| 980 | |a Mạng thư viện Đại học Đà Nẵng | ||